[Event "MK Cafe Cup-A"]
[Site "Koszalin"]
[Date "1999.08.11"]
[Round "8"]
[White "Romanishin, Oleg M"]
[Black "Sulskis, Sarunas"]
[Result "1-0"]
[WhiteElo "2567"]
[BlackElo "2521"]
[Annotator "Horn,Pe"]
[PlyCount "107"]
[EventDate "1999.08.03"]
[EventType "swiss"]
[EventRounds "9"]
[EventCountry "POL"]
[SourceTitle "CBM 073"]
[Source "ChessBase"]
[SourceDate "1999.12.01"]
[SourceVersion "1"]
[SourceVersionDate "1999.12.01"]
[SourceQuality "1"]

1. Nf3 d5 2. g3 c6 3. Bg2 Bg4 4. c4 Bxf3 5. Bxf3 Nf6 6. O-O d4 {Schon 4...Bxf3
kam einigermaßen überraschend; selbiges gilt für 6...d4: zunächst gibt Schwarz
das Läuferpaar auf, um dann dem konkurrenzlosen Bf3 "seine" Diagonale zu
verlängern. Dennoch gibt es in manchen Varianten eine derartige Konstellation 
(Bf3+Pc6+Pd4). In aller Regel gibt es dabei konkrete Umstände, die Schwarz zu
einem derartigen Vorgehen überreden (z.B. geschieht d5-d4 häufig mit Tempo).
Die Strategie ist dann meist folgende: Weiß bemüht sich durch Vorgehen am
Damenflügel, die Diagonale h1-a8 noch länger zu machen, während Schwarz
e7-e5-e4 anstrebt.} (6... e6) 7. e4 {Damit verabschiedet sich Romanishin von
den oben angedeuteten strategischen Bildern.} ({Es gab tatsächlich schon einen
Vorläufer dieser Stellung:} 7. d3 e5 8. e3 h5 9. exd4 Qxd4 10. Nc3 h4 11. Be3 {
Lappalainen,S-Terasalo,K/Vantaa 1996}) 7... e5 8. d3 {Nun gibt es ein
strategisches Thema ganz anderer Art: wie wirkt sich der Tausch Bg4 gegen Nf3
in der verschachtelten Zentralstellung aus ? Der Bf3 schaut momentan nur
seinen Pe4 an, aber dafür hat Schwarz seinen "guten" B gegeben.} a5 9. Bg2 {
[%cal Yf2f4] Bei der verschachtelten Bauernstruktur im Zentrum ergibt sich der
weiße Plan von selbst: irgendwann muß der Pf2 nach f4. Der Bg2 findet (falls
sich nicht doch noch irgendwie die lange Diagonale öffnet) sein Idealfeld
irgendwann auf h3.} h5 {sucht Nutzen aus der eigenen Unterentwicklung zu
ziehen.} 10. Bg5 (10. f4) 10... Be7 11. Nd2 Nfd7 12. Bxe7 Qxe7 13. h4 $1 (13.
f4 h4 {sieht recht ordentlich aus für Schwarz.}) 13... g6 ({Zu} 13... g5 14.
hxg5 (14. Nf3 f6) 14... h4 {fehlte Sulskis angesichts des unentwickelten
Damenflügels das Vertrauen.} (14... Qxg5 15. Nf3 $16) 15. Qg4 $16) 14. Nf3 Na6
15. Bh3 Nac5 16. Qd2 Kf8 (16... Rg8 {[%cal Yf7f6,Yg6g5]}) 17. Ne1 {[%cal Ye1g2]
} Kg7 18. Ng2 Rhb8 {[%cal Yb7b5] Der Plan ist nicht sehr wirkungsvoll.} (18...
b5 19. Rac1) 19. f4 b5 (19... exf4 20. gxf4 {zeigt, weswegen der N nach g2
mußte.}) 20. Rac1 bxc4 $2 (20... b4 {wäre natürlich eine Bankrotterklärung der
schwarzen Strategie: er könnte sich nur noch verteidigen.}) 21. Rxc4 Rb4 22.
Rc2 {Es zeigt sich, daß die ganze Aktion am Damenflügel dem Weißen nur neue
Handhaben geliefert hat: die c-Linie und die wackelige Stellung von Nc5+Nd7.}
Rab8 23. f5 R4b5 24. Ne1 {[%cal Ye1f3] Nach f5 ist der Ng2 frei, sich einen
besseren Ort zu suchen.} Qd6 25. Nf3 Nf6 (25... Nf8 {sieht auch nicht besser
aus.}) 26. fxg6 fxg6 27. Ng5 {[%cal Yc2c5] Angesichts der ideal plazierten
weißen Figuren dürfte es hier keine Rettung mehr geben.} Re8 (27... Kg8 28.
Be6+ $18) (27... Ncd7 28. Ne6+ Kh7 29. Qg5 $18) (27... Rf8 28. a4 $18) 28. Qd1
(28. Qc1 $1 $18 a4 (28... Nxd3 29. Rxc6 Nxc1 30. Rxd6 $18) 29. Rxf6 Qxf6 (29...
Kxf6 30. Rf2+ Ke7 (30... Kg7 31. Nf7 $18 {[%cal Rc1h6]}) 31. Nf7 $18) 30. Rxc5
$18) 28... Rb7 29. Rcf2 Rf8 (29... Ncd7 30. Qc1 $18 {[%cal Rh3d7]}) 30. Qc2 $18
{[%cal Yc2c4] Die Löcher am Königsflügel hat Schwarz mit letzter Kraft
gestopft, aber nun ist er am Damenflügel hilflos.} Re7 (30... Kh8 31. Qc4 Qe7
32. Rc1 $18) 31. Qc4 a4 32. Rc2 ({Gemein wäre} 32. a3 {wonach sich
herausstellen würde, daß Schwarz seine Stellung nur verschlechtern könnte.})
32... Nfd7 33. Rxf8 Kxf8 34. Bxd7 {Es führen hier und im folgenden viele Wege
nach Rom.} (34. Rf2+ Nf6 (34... Kg7 35. Rf7+ $18) 35. Rxf6+ Qxf6 36. Qxc5 $18)
34... Nxd7 35. Qxa4 (35. Qxc6 Qxc6 36. Rxc6 $18) 35... c5 36. b4 (36. Qc4 $18)
36... Kg7 37. bxc5 Nxc5 38. Qb5 Nd7 39. Rc6 Qa3 40. Qb3 Qa5 41. Rc1 Qd2 42. Rf1
Nf6 43. Ne6+ Kf7 44. Ng5+ (44. Nxd4+ Kg7 45. Ne6+ Kf7 46. Ng5+) 44... Kg7 45.
Qa3 Ng8 46. Rf2 Qc3 47. Qxc3 (47. Qd6 $18) 47... dxc3 48. Rc2 Nf6 49. Rxc3 Kh6
50. Rc6 Ng4 51. Rc8 Nf6 52. Rc6 Ng4 53. Rc8 Nf6 54. Kf1 1-0

[Event "Lyon zt"]
[Site "Lyon"]
[Date "1990.??.??"]
[Round "9"]
[White "Winants, Luc"]
[Black "Kuijf, Marinus"]
[Result "1/2-1/2"]
[WhiteElo "2455"]
[BlackElo "2490"]
[Annotator "Horn,Pe"]
[PlyCount "104"]
[EventDate "1990.04.??"]
[EventType "tourn"]
[EventRounds "13"]
[EventCountry "FRA"]
[EventCategory "8"]
[SourceTitle "CBM 018"]
[Source "ChessBase"]
[SourceDate "1990.10.01"]
[SourceVersion "1"]
[SourceVersionDate "1990.10.01"]
[SourceQuality "1"]

1. Nf3 d5 2. g3 c6 3. Bg2 Bg4 4. O-O Nd7 5. d3 e6 6. Nbd2 Bd6 7. b3 Ne7 8. Bb2
O-O 9. h3 Bh5 10. e3 {Neu. Der Plan ist eine Expansion am Königsflügel mit g4,
Nh4, f4.} (10. Qe1) (10. c4) (10. e4) 10... h6 11. Qe2 (11. g4 $5 Bg6 12. Nh4
Nc8 $5 (12... e5 13. f4) 13. Nxg6 fxg6) 11... Qc7 12. g4 Bg6 13. Nh4 {/\ f4} e5
14. e4 Bh7 $1 15. Ndf3 (15. Nf5 Ng6) 15... Rfe8 16. Kh1 Nf8 17. Nf5 Neg6 $15
18. Nxd6 Qxd6 19. Qe3 d4 20. Qe1 Nf4 21. Bc1 N8g6 22. Ng1 Nh4 23. Bxf4 exf4 24.
Nf3 Nxf3 25. Bxf3 f5 26. gxf5 Bxf5 27. exf5 $1 Rxe1 28. Raxe1 Rf8 29. Be4 $146
Qf6 30. Kg2 g6 31. fxg6 f3+ 32. Kh2 Qf4+ 33. Kh1 Qh4 34. Kh2 Kg7 35. b4 Rf4 36.
a4 a6 37. b5 axb5 38. axb5 Qg5 39. Rg1 Qxb5 40. Rb1 Qe5 41. Rg3 Qc7 42. Kg1 h5
43. Rg5 Qe7 44. Rxh5 Rxe4 45. Rh7+ Kxg6 46. Rxe7 Rxe7 47. Kh2 Re2 48. Kg3 Rxc2
49. Rxb7 Rc3 50. Rc7 Kf5 51. h4 c5 52. Rc6 Rxd3 1/2-1/2

[Event "Kecskemet"]
[Site "Kecskemet"]
[Date "1992.??.??"]
[Round "10"]
[White "Weindl, Alfred"]
[Black "Blatny, Pavel"]
[Result "0-1"]
[WhiteElo "2365"]
[BlackElo "2480"]
[Annotator "Horn,Pe"]
[PlyCount "98"]
[EventDate "1992.04.??"]
[EventType "tourn"]
[EventRounds "13"]
[EventCountry "HUN"]
[EventCategory "9"]
[SourceTitle "CBM 029"]
[Source "ChessBase"]
[SourceDate "1992.08.01"]
[SourceVersion "1"]
[SourceVersionDate "1992.08.01"]
[SourceQuality "1"]

1. Nf3 d5 2. g3 c6 3. Bg2 Bf5 4. O-O Nf6 5. d3 h6 6. Nbd2 e6 7. b3 Be7 8. Bb2
O-O 9. e3 (9. Qe1 Bh7 10. e4) (9. Re1 {/\ e4}) 9... Nbd7 (9... a5 $1) 10. Qe2
Bh7 11. e4 Qa5 $6 {N} (11... a5) 12. a3 (12. e5 Ne8 $14) 12... Rad8 13. Rfd1 $6
(13. e5 Ne8 14. Ne1 $14) 13... Qa6 {/\ dxe4-+} 14. e5 Ne8 15. Nf1 (15. Ne1 $5 {
/\ f4}) 15... Nc7 (15... Be4 $6 16. Re1 $16) 16. Rd2 Nb5 17. c4 $6 (17. a4 $14)
17... Nc7 {/\ Nc5} 18. b4 Qa4 19. Qd1 (19. Ne3) 19... Nb6 20. Bd4 $2 (20. c5
Qxd1 21. Raxd1 (21. Rdxd1 Na4 22. Bd4 b6 23. cxb6 axb6 24. Rac1 c5 $17) 21...
Na4 22. d4 $10) 20... Qxd1 21. Raxd1 Ra8 22. Ne3 Na4 23. Ne1 b6 {/\ c5} 24. Ba1
Rfd8 25. N1c2 c5 26. d4 cxb4 27. Nxb4 Bxb4 28. axb4 b5 $17 {>< Ba1} 29. cxd5 (
29. c5 a5) 29... Nxd5 30. Nxd5 exd5 31. Rc1 (31. Bf1 a6 32. Rc1 Rac8 33. Rdd1)
31... Rac8 32. Rdd1 Rc4 $1 33. Rxc4 (33. Bf1 Rxb4 34. Rc7 Ra8) 33... bxc4 34.
Rc1 Bf5 35. h3 g5 36. Bf3 Nb6 (36... Bxh3 37. g4 h5 38. gxh5) 37. Bc3 Bd7 38.
Ra1 Ba4 39. Kf1 f6 40. exf6 Kf7 41. Ke1 a6 42. Kd2 Kxf6 43. Bg4 Re8 44. Rxa4
Nxa4 45. Bd7 Re2+ $1 46. Kxe2 Nxc3+ 47. Kd2 Ke7 48. Bc8 (48. Kxc3 Kxd7 $19)
48... Na2 49. Bxa6 c3+ (49... c3+ 50. Kd1 (50. Ke2 c2 $19) (50. Kc2 Nxb4+ $19)
50... c2+ $19) 0-1

[Event "Horgen"]
[Site "Horgen"]
[Date "1995.10.22"]
[Round "2"]
[White "Vaganian, Rafael A"]
[Black "Gulko, Boris F"]
[Result "0-1"]
[WhiteElo "2645"]
[BlackElo "2620"]
[Annotator "Horn,Pe"]
[PlyCount "108"]
[EventDate "1995.10.??"]
[EventType "tourn"]
[EventRounds "11"]
[EventCountry "SUI"]
[EventCategory "17"]
[SourceTitle "CBM 050"]
[Source "ChessBase"]
[SourceDate "1996.02.01"]
[SourceVersion "1"]
[SourceVersionDate "1996.02.01"]
[SourceQuality "1"]

1. Nf3 {Donev Mowsziszian Dolmatov Vaganian} d5 2. g3 Bg4 3. Bg2 Nd7 4. O-O c6
5. d3 Ngf6 6. Nbd2 e5 7. e4 dxe4 8. dxe4 {Der Bauerntausch (Pd5 gegen Pd3)
wird meistens dann gespielt, wenn im Königsindischen Angriff Schwarz sich mit
Bg4 verteidigt. Wenn Schwarz die Spannung im Zentrum erhält, ist dies häufig
ein Zeichen, daß er Komplikationen sucht und nach Gewinnchancen Ausschau hält.
Nach dem Abtausch läuft das Spiel in relativ ruhigen Bahnen; Weiß versucht e5
unter Druck zu setzen und etl. das B-Paar zu gewinnen.} Be7 9. Nc4 $146 (9. h3
Bh5 10. b3 (10. Qe1 {Donev} O-O 11. Nh4 Re8 12. Nf5 Bf8 13. a4 Nc5 14. Nc4 b5
15. axb5 cxb5 16. Na5 Ne6 17. Be3 Qc7 18. Qb1 Nc5 19. f3 Bg6 20. Nh4 Na4 21.
Nb3 Red8 22. Nxg6 hxg6 23. c3 Nd7 24. Qc2 Ndb6 25. Rae1 Nc4 26. Bc1 a5 27. Kh1
Naxb2 {0-1 King,D-Yusupov,A/BL 9495 Castrop Rauxel-Bayern [2] 1994 (40)}) (10.
Qe2 O-O 11. a4 a5 12. Nc4 Qc7 13. Bd2 Rfe8 14. Qe1 b6 15. Nh4 Bc5 16. Nf5 Bg6
17. Nce3 Nf8 18. Ng4 Nxg4 19. hxg4 Ne6 20. c3 {1/2-1/2 Hartoch,
R-Brenninkmeijer,R/Wijk-B 1987 (23)}) 10... O-O 11. Bb2 Qc7 12. c4 $6 (12. a3 {
Dolmatov} a5 13. Qe1 Rfe8 14. Nh4 $14 {/\Kh1,f2-f4}) 12... a5 13. a3 Rfd8 14.
Qc2 Ne8 $10 {[%cal Gf7f6] Vaganian-Kramnik/Novgorod/1995} (14... Ne8 {[%cal
Gf7f6]} 15. Bc3 {[%cal Gb3b4]} f6 16. b4 Nd6 (16... Nf8 $5 {Dolmatov} 17. c5
Bf7 18. Rfc1 b6 $132) 17. Rfc1 Bf7 18. Bf1 axb4 19. axb4 c5 $1 {0-1 Vaganian,
R-Kramnik,V/Novgorod (07) ;CBM 48 1995 (49)})) 9... O-O 10. Qe1 Qc7 11. Ne3
Bxf3 12. Bxf3 Rfe8 13. Qe2 (13. b3 $5 {Mowsziszian} a5 $1 14. a3 (14. a4 $6 Bb4
15. c3 Bf8 $17 {><d3,b3}) 14... b5 15. Bb2 {/\Bg2,f2-f4}) 13... g6 14. b3 Nc5
15. Bb2 Ne6 {><d4} (15... Ncxe4 {Mowsziszian} 16. Nc4 Ng5 17. Bxe5 $14) 16.
Rfd1 $2 {Hier hat Vaganian anscheinend den folgenden Zug unterschätzt.} (16.
Bg2 {Vaganian} Nd4 $140 17. Qe1 $14 {/\ c3 /\ 18.c3}) (16. Rad1 $142 Rad8 $10 (
16... Nd4 $2 17. Bxd4 exd4 18. Rxd4 Bc5 19. Rc4 Qe5 20. b4 $16)) 16... Nd4 $1
17. Bxd4 (17. Rxd4 $5 exd4 18. Bxd4 Rad8 19. Bb2 $44 {/^a1-h8} Nd7 20. Ng4)
17... exd4 18. Rxd4 (18. Ng4 Nxg4 19. Bxg4 Bf6 {[%cal Rd4d3]} (19... Bb4 20.
Qd3 Bc3 21. Rab1 Qe7 22. Bf3 Qa3 $17) 20. Rd3 Bg7 $15) (18. Nc4 $2 Bb4 $17)
18... Bc5 19. Rc4 $2 {Das war nicht nötig.} (19. Rd3 Nxe4 20. Rad1 $1 $10 (20.
Bxe4 Rxe4 21. Rad1 Rae8 22. Rd7 Qe5 23. Qf3 f5 24. Nc4 $10) 20... Qa5 (20...
Qe5 21. b4 Bb6 22. Ng4) 21. c4 Re6 22. Qb2 Ng5) 19... Qe5 $1 20. Re1 (20. Rd1
b5 21. Ng4 Nxg4 22. Rxc5 Qxc5 23. Bxg4) 20... b5 $19 21. b4 (21. Rxc5 Qxc5 $19)
21... Bxe3 22. Rxc6 Bb6 23. c4 bxc4 24. Rxc4 Nd7 (24... Rac8 $19) (24... h5 $5)
25. Kg2 Rad8 (25... Qf6 $19) 26. a4 Nf8 (26... Qf6) 27. Bg4 (27. a5 Bd4) 27...
h5 $6 (27... Rd4 28. f4 Qd6 $19) 28. f4 Qd6 29. e5 Qd2 30. Bf3 Ne6 31. a5 Be3
$6 (31... Bc7) 32. Kf1 Rd3 33. Be4 Rb3 (33... Qxe2+ 34. Rxe2 Rd1+ 35. Kg2 Rc1
$17) 34. Rd1 Qxe2+ 35. Kxe2 Rb8 $2 (35... g5 $17) 36. Bc2 $2 (36. Bd5 $10 {
[%cal Rc4e4]} Bxf4 (36... Rd8 37. Bxe6 Rb2+ 38. Kxe3 Rxd1 39. Rc8+ Kg7 40. Rc7
Re1+ $10) 37. gxf4 R3xb4 38. Bxe6 fxe6 39. Rxb4 Rxb4 40. Rd8+ Kg7 41. Rd7+ Kh6
$10) 36... Ra3 37. Rd3 $2 (37. Bb1 $142) 37... Rxd3 38. Bxd3 Bg1 39. Kf1 Bd4
40. b5 Kf8 41. Rc6 Ke7 42. Kg2 Rd8 43. Bc4 Rd7 44. Rc8 (44. h4 {/\Be2,f4-f5})
44... Be3 45. h4 Rd2+ 46. Kf3 Bg1 47. g4 $6 (47. Rb8 Nc5 48. b6 Rf2+ 49. Ke3
Rc2+ 50. Kf3 axb6 51. a6 (51. axb6 Rxc4 $19) 51... Rf2+ 52. Ke3 Nxa6 53. Bxa6
Ra2+ $19) (47. b6 axb6 48. a6 b5 $1 $19) 47... Nd4+ 48. Ke4 hxg4 49. Rc7+ Kd8
50. Rxa7 $6 Nf5 (50... Nxb5 $19) 51. Ra8+ Ke7 52. Bd3 Ng3+ 53. Kd5 Rxd3+ 54.
Kc6 Rc3+ (54... Rc3+ 55. Kb7 Ne4 $19) 0-1

[Event "Tan Chin Nam Cup 3rd "]
[Site "Beijing"]
[Date "1997.08.19"]
[Round "1"]
[White "Pigusov, Evgeny"]
[Black "Zhu, Chen"]
[Result "1-0"]
[WhiteElo "2560"]
[BlackElo "2515"]
[Annotator "Horn,Pe"]
[PlyCount "137"]
[EventDate "1997.08.11"]
[EventType "tourn"]
[EventRounds "11"]
[EventCountry "CHN"]
[EventCategory "12"]
[SourceTitle "CBM 061"]
[Source "ChessBase"]
[SourceDate "1997.11.23"]
[SourceVersion "1"]
[SourceVersionDate "1997.11.23"]
[SourceQuality "1"]

1. Nf3 d5 2. g3 Nf6 3. Bg2 h6 $6 {bei einem Bf5 ist das ein sinnvoller Zug,
aber in diesem Augenblick gab es wohl wichtigere Dinge zu tun.} 4. c4 $146 {
Nach dem provokativem letzten schwarzen Zug fühlt sich Weiß aufgefordert,
etwas Schärfe ins Spiel zu bringen.} (4. O-O Bf5 5. d3 $14) 4... c6 5. Qc2 {
versucht, h6 endgültig zum Tempoverlust zu stempeln, da Bf5 unmöglich wird.} (
5. Qb3 $5 $14) 5... Bg4 6. Ne5 Bh5 7. cxd5 cxd5 8. Nc3 (8. Qa4+ Nbd7 9. Nc3 {
ist nur Zugumstellung}) 8... Nbd7 9. Qa4 {Hier verliert Weiß ein Tempo: es
entsteht eine theoretische Stellung mit dem (nützlichen) Mehrtempo h6. Weiß
kann also mit dem Ergebnis der Eröffnung nicht zufrieden sein. An dieser
Stelle gab es aber wenig aussichtsreiche Alternativen. Vielleicht ist schon
Qc2 nicht optimal.} e6 10. g4 Bg6 11. d4 (11. Nxg6 {bringt wenig ein, da es
außer der Qa4 an Figuren mangelt, die schnell an einem Angriff teilnehmen
könnten. Mit dem Mehrtempo h2-h4 gibt es einige Erfahrung mit diesem Tausch.}
fxg6 12. Qc2 Kf7 13. d4 (13. h3 $142 $11) 13... Nxg4 14. e4 Nb6 $17 (14... dxe4
$6 15. Qxe4 $44)) 11... Bh7 12. Bf4 Be7 13. O-O O-O 14. Nxd7 Nxd7 15. Qb3 Qb6 (
15... Nf6) 16. Qxb6 Nxb6 17. Rac1 Bf6 $6 {Das mißfällt mir. Der Nb6 hat ein
schönes Vorpostenfeld auf c4, das Weiß ihm mit Pb3 wegnehmen kann. Wenn er das
aber tut, eröffnet sich die Möglichkeit für Ba3.  Der B ist auf e7 in meinen
Augen nicht schlecht plaziert.} (17... Rfc8 18. Nb5 a6 19. Nc7 (19. Nd6 $2 Bxd6
20. Bxd6 Nc4) 19... Rab8 $13) (17... Bg5 $6 18. Bxg5 hxg5 19. Nb5 $36) 18. Rfd1
(18. e3 $2 {Vielleicht hatte Zhu Chen mit seinem letzten Zug auf diese Antwort
spekuliert. Wegen der Möglichkeit Bd3 fällt das weiße Angriffsspiel mit Nb5
aus.} Rfc8 19. Nb5 $140 $2 Bd3) 18... Rfd8 $2 (18... Rfc8 19. b3 (19. Nb5 Bc2
20. Re1 (20. Rd2 Bg6 21. Nc7 Rab8 22. Rdd1 a6))) (18... a6 19. e4 (19. Bc7 Nd7
20. e4 Rfc8 21. Bg3 dxe4 22. Nxe4 Rxc1 23. Rxc1 Bxd4 24. Nd6 $11) 19... dxe4
20. Nxe4 $14) 19. Bc7 Rdc8 20. Nb5 Nc4 21. b3 $1 (21. Rxc4 dxc4 22. Bxb7 Rxc7
23. Bxa8 (23. Nxc7 $2 Rb8 24. Ba6 Bd8 $19) 23... Rc8 24. Bf3 Rb8 $132 {[%csl
Rb2]}) 21... a6 (21... Nb2 $2 22. Rf1 $16) 22. bxc4 dxc4 (22... axb5 23. cxd5
Rxa2 24. dxe6 fxe6 25. Bxb7 $16 {[%csl Rb5,Re6] Die schwarzen P sind
zersplittert und daher schwach.}) 23. Be5 axb5 $8 24. Bxf6 (24. Bxb7 $5) 24...
gxf6 {die automatische Reaktion} (24... Rxa2 $5 {Schwarz pfeift auf die Figur
und sammelt dafür 2 P ein. Das sieht zwar auch verloren aus, aber vielleicht
hätte sich eher hier eine Rettungschance ergeben.} 25. Be5 Rxe2 26. Bxb7 Rd8
$16) 25. Bxb7 $18 Rcb8 26. Bxa8 Rxa8 27. Rd2 Ra3 28. Rb2 Be4 29. Rxb5 Rxa2 30.
f3 Bc2 31. d5 exd5 32. Rxd5 Bb3 33. Kf2 Kg7 34. Rc3 Ra1 35. Rc5 Ra8 36. Re3 Ra1
37. Rc7 Ra8 38. Ree7 Rf8 39. h3 Ba2 40. Red7 Bb3 41. Rd5 Re8 42. Rd6 Ra8 43.
Kg3 Ra2 44. e4 Ra8 45. Rdd7 Rf8 46. h4 Ba4 47. Rd5 Bb3 48. Ra5 Rd8 49. Raa7 Rf8
50. Rab7 Kg6 51. Rb6 Kg7 52. Rcc6 Rd8 53. Rxf6 Ba4 54. Rfd6 Rc8 55. Ra6 Bb5 56.
Ra1 c3 57. Rc1 c2 58. Rd2 Ba4 59. Rd4 Bb3 60. Rb4 Rc3 61. Rxb3 Rxb3 62. Rxc2
Rb6 63. Rc5 Kf6 64. Kf4 Ra6 65. Rd5 Ke6 66. Rh5 Ke7 67. g5 hxg5+ 68. hxg5 Ra5
69. g6 1-0

[Event "GER-ch 72nd"]
[Site "Heringsdorf"]
[Date "2000.11.24"]
[Round "8"]
[White "Gutman, Lev"]
[Black "Mueller, Karsten"]
[Result "1/2-1/2"]
[WhiteElo "2533"]
[BlackElo "2513"]
[Annotator "Horn,Pe"]
[PlyCount "106"]
[EventDate "2000.11.17"]
[EventType "swiss"]
[EventRounds "9"]
[EventCountry "GER"]
[SourceTitle "CBM 080"]
[Source "ChessBase"]
[SourceDate "2001.01.25"]
[SourceVersion "1"]
[SourceVersionDate "2001.01.25"]
[SourceQuality "1"]

1. Nf3 d5 2. g3 c6 3. Bg2 Nf6 4. O-O Bg4 5. d3 Nbd7 6. Qe1 e5 7. e4 dxe4 8.
dxe4 Bc5 9. a4 a5 10. Na3 O-O 11. Nc4 Re8 (11... Qc7 12. Bd2 b6 13. h3 Be6 14.
Qe2 b5 15. axb5 cxb5 16. Nxa5 Bb6 17. Qxb5 Rfb8 18. Kh2 Bxa5 19. Bxa5 Qxc2 20.
Qa4 Qxb2 $11 {Istrate,B-Kostic,N/Bucharest 1999}) 12. Bd2 b6 13. Bc3 (13. c3
Bf8 14. h3 Bh5 15. b4 axb4 16. cxb4 b5 17. Na5 Rc8 (17... bxa4 $5) 18. axb5
cxb5 19. Qe2 Qb6 20. g4 Bg6 21. Nh4 Qd4 22. Nxg6 hxg6 23. Rfb1 Rc2 $132 {
Eidelson,R-Jadvizhena,N/St Petersburg 1999}) 13... Qc7 14. Nh4 Rad8 15. Kh1 Bd4
16. Ne3 Nc5 (16... Be6 17. Nhf5 Nc5 18. f3) 17. Nxg4 Nxg4 18. b3 g6 19. Rc1
Bxc3 20. Qxc3 Nf6 21. Rce1 Qe7 22. Re2 Rd4 (22... Nfd7 $11) 23. Rfe1 Rb4 24.
Qa1 Rd4 25. Kg1 Qd8 26. Nf3 Rxe4 27. Rxe4 Ncxe4 28. Nxe5 Qd6 29. Nd3 Nc5 (29...
c5 $2 30. h4 $18) (29... Ng5 30. Rxe8+ Nxe8 31. Ne5 (31. Qe5 Ne6 32. Qxd6 Nxd6)
31... c5) 30. Rxe8+ Nxe8 31. Qe5 $1 (31. Ne5 Qd2 32. Bxc6 Nd6 $1 (32... Ng7 $2
33. Ng4 Qxc2 34. Nh6+ Kf8 35. Qf6 $16) 33. Ng4 Nde4 34. Kg2 (34. Qe5 Qd1+ 35.
Kg2 Qxg4 $11) 34... h5 35. Nf6+ Nxf6 36. Qxf6 Qxc2 37. Bd5 $14) 31... Kf8 $2 (
31... Ne6 $16) 32. Qxd6+ (32. Nxc5) 32... Nxd6 33. Ne5 (33. Nxc5 bxc5 34. Bxc6
c4 35. f4 cxb3 36. cxb3 $18) 33... b5 34. Bxc6 (34. Nxc6 bxa4 35. bxa4 Nxa4 36.
Nxa5 $16) 34... f6 35. Nd7+ Nxd7 36. Bxd7 b4 37. Be6 $2 (37. Kf1 Ke7 38. Bc6
Nf5 39. Be4 Nd4 40. Ke1 $16) 37... Ke7 38. Bg8 Nf5 39. Bc4 (39. Bxh7 $4 Kf7)
39... Kd6 40. Bd3 Ne7 41. h4 h6 42. Kg2 Ke5 43. Kf3 Kd4 44. Kf4 Nd5+ 45. Kg4
Ne7 46. Kf3 Nc6 47. Ke2 Ne5 48. Bb5 g5 49. hxg5 hxg5 50. f4 gxf4 51. gxf4 Ng4
52. Bd3 Ne3 53. Kf3 Nd5 1/2-1/2

[Event "Dortmunder Schachtage-B 18th"]
[Site "Dortmund"]
[Date "1990.04.12"]
[Round "7"]
[White "Espig, Lutz"]
[Black "Keitlinghaus, Ludger"]
[Result "1-0"]
[WhiteElo "2475"]
[BlackElo "2415"]
[Annotator "Horn,Pe"]
[PlyCount "81"]
[EventDate "1990.04.05"]
[EventType "tourn"]
[EventRounds "11"]
[EventCountry "GER"]
[EventCategory "9"]
[SourceTitle "CBM 018"]
[Source "ChessBase"]
[SourceDate "1990.10.01"]
[SourceVersion "1"]
[SourceVersionDate "1990.10.01"]
[SourceQuality "1"]

1. Nf3 d5 2. g3 c6 3. Bg2 Bg4 4. b3 Nf6 5. Bb2 Nbd7 6. d3 Qb8 {N} 7. c4 e6 8.
O-O Be7 9. Nc3 O-O 10. Qc2 Re8 11. e3 (11. e4 dxe4 12. dxe4 e5 $10) 11... Bf8
12. h3 Bxf3 13. Bxf3 g6 14. Bg2 Bg7 15. b4 Qd6 16. Qb3 Rad8 17. Rfd1 Qb8 18.
Ne2 Ne5 $14 19. Bd4 (19. f4 Ned7 20. Bxf6 Nxf6 21. d4) 19... Ned7 20. Rac1 Rc8
21. Ba1 Red8 22. Bc3 Re8 23. b5 Nc5 24. Qa3 Ncd7 25. bxc6 bxc6 26. Rb1 Qa8 27.
Bd4 e5 $1 28. Ba1 (28. Bxa7 $4 Bf8 29. Qa6 (29. Qa5 Bc5) 29... Rc7) 28... dxc4
29. dxc4 e4 30. Qa5 c5 31. Nc3 Ne5 32. Qa4 Nf3+ 33. Kh1 Rcd8 34. Qc2 Qc8 $2 (
34... Qc6) 35. Nb5 $1 Rxd1+ 36. Rxd1 Rd8 37. Nxa7 Rxd1+ 38. Qxd1 Qa8 39. Nb5
Qxa2 40. Bxf3 exf3 41. Qd8+ 1-0

[Event "Blackpool zt"]
[Site "Blackpool"]
[Date "1990.??.??"]
[Round "?"]
[White "McNab, Colin Anderson"]
[Black "Motwani, Paul"]
[Result "0-1"]
[WhiteElo "2390"]
[BlackElo "2470"]
[Annotator "Horn,Pe"]
[PlyCount "73"]
[EventDate "1990.05.??"]
[EventType "tourn"]
[EventRounds "11"]
[EventCountry "ENG"]
[EventCategory "8"]
[SourceTitle "CBM 018"]
[Source "ChessBase"]
[SourceDate "1990.10.01"]
[SourceVersion "1"]
[SourceVersionDate "1990.10.01"]
[SourceQuality "1"]

1. Nf3 d5 2. g3 c6 3. Bg2 Bg4 4. d3 Nd7 5. h3 Bh5 6. O-O e6 7. Qe1 Bd6 8. e4
Ne7 9. Nbd2 O-O 10. a4 {leistet (zu) wenig} (10. Nh4 Qc7 11. d4 Ng6 $10 {
Langeweg-Keres, Amsterdam 1971}) (10. b3) 10... Qc7 11. d4 $2 {Weiß möchte den
Gegner zu dxe4 überreden oder selbst e5 spielen. Der Plan scheitert aber
kläglich.} f6 12. b3 Rae8 13. Bb2 Bb4 14. c3 Bd6 15. Rc1 $2 e5 $1 16. c4 exd4
17. Nxd4 Nc5 18. Qe3 Qd7 19. Rfe1 Bg6 20. cxd5 Nxd5 21. Qf3 Nb4 22. Re3 Be5 $19
23. Nc4 Bxd4 24. Bxd4 Qxd4 25. Rd1 Ncd3 26. Rdxd3 Nxd3 27. Rxd3 Qxe4 28. Qxe4
Bxe4 29. Bxe4 Rxe4 30. Rd7 b5 31. axb5 cxb5 32. Nd6 Rd4 33. Rxg7+ Kxg7 34. Nf5+
Kf7 35. Nxd4 a6 36. Nc6 Ke6 37. Kg2 0-1